Air as a refrigerant in air conditioning systems in buildings. (Record no. 101246)

MARC details
000 -LEADER
fixed length control field 00670cam a2200241 4500
008 - FIXED-LENGTH DATA ELEMENTS--GENERAL INFORMATION
fixed length control field 000000n2000 000 0 eng u
020 ## - INTERNATIONAL STANDARD BOOK NUMBER
International Standard Book Number 1860814565
035 ## - SYSTEM CONTROL NUMBER
System control number (Sirsi) u111435
041 ## - LANGUAGE CODE
Language code of text/sound track or separate title ENG
050 ## - LIBRARY OF CONGRESS CALL NUMBER
Classification number 691
100 ## - MAIN ENTRY--PERSONAL NAME
Personal name Butler, D.J.G.
110 ## - MAIN ENTRY--CORPORATE NAME
Corporate name or jurisdiction name as entry element Building Research Establishment
245 ## - TITLE STATEMENT
Title Air as a refrigerant in air conditioning systems in buildings.
260 ## - PUBLICATION, DISTRIBUTION, ETC.
Place of publication, distribution, etc. London
Name of publisher, distributor, etc. CRC Ltd
Date of publication, distribution, etc. 2000
300 ## - PHYSICAL DESCRIPTION
Extent 6p. ; 30cm.
490 ## - SERIES STATEMENT
Series statement BRE Information Paper
Volume/sequential designation 21/00
650 ## - SUBJECT ADDED ENTRY--TOPICAL TERM
Topical term or geographic name entry element REFRIGERANTS
650 ## - SUBJECT ADDED ENTRY--TOPICAL TERM
Topical term or geographic name entry element AIR CYCLE SYSTEMS
690 ## - LOCAL SUBJECT ADDED ENTRY--TOPICAL TERM (OCLC, RLIN)
Topical term or geographic name as entry element BUILDING AND CONSTRUCTION--SERVICES
700 ## - ADDED ENTRY--PERSONAL NAME
Personal name Gigiel, A.J.
700 ## - ADDED ENTRY--PERSONAL NAME
Personal name Russell, S.L.
942 ## - ADDED ENTRY ELEMENTS (KOHA)
Suppress in OPAC 0
Holdings
Withdrawn status Lost status Source of classification or shelving scheme Damaged status Not for loan Home library Current library Shelving location Date acquired Total Checkouts Full call number Barcode Date last seen Copy number Price effective from Koha item type
    Dewey Decimal Classification     London London Boxed set 15/03/2001   SHELF 323 30063755 06/08/2019 1 06/08/2019 Book